| 000 | 00557nam a2200205Ia 4500 | ||
|---|---|---|---|
| 005 | 20250923145306.0 | ||
| 008 | 008 250917s9999 xx 000 0 eng d | ||
| 037 | _aTextual | ||
| 040 |
_aDSWL _beng _cDSWL |
||
| 041 |
_aeng _2eng |
||
| 084 | _qDSWL | ||
| 100 |
_aFawcett, James T. _9833751 |
||
| 245 | 0 |
_aPsychological Perspectives on Populations _c by James T. Fawcett |
|
| 260 |
_aNew York _b Basic Books Inc. _c1973 |
||
| 300 | _axvii,522 p. | ||
| 365 |
_aUSD _b15 . 0 |
||
| 925 | _g15 . 0 | ||
| 942 | _cTEXL | ||
| 999 |
_c1449555 _d1449555 |
||